| 000 | 00386nam a2200133Ia 4500 | ||
|---|---|---|---|
| 005 | 20260328104309.0 | ||
| 008 | 260328s9999||||xx |||||||||||||| ||und|| | ||
| 100 | _aVentocilla, Jorge | ||
| 245 | 0 |
_aAnimales y Plantas : _b de la Ciudad de Panamá una Guía para 80 especies . / _cJorge Ventocilla |
|
| 260 | _bDiseño grafico 2015 | ||
| 300 | _a189 p. | ||
| 650 | _aPANAMÁ | ||
| 942 | _cBK | ||
| 999 |
_c10870 _d10870 |
||